000 00259nam a2200109Ia 4500
008 190911s9999||||xx |||||||||||||| ||und||
100 _aG. Allana
245 0 _aOur Freedom Fighters 1562-1947
260 _aLahore
_bRoyal Book
_c1996
300 _a350
942 _cBK
999 _c6887
_d6887